An Outline of Japanese taxes 1977
Guardat en:
| Autor principal: | |
|---|---|
| Format: | Llibre |
| Idioma: | Undetermined |
| Publicat: |
Tokyo
Ministry of Finance
1977
|
| Matèries: | |
| Etiquetes: |
Afegir etiqueta
Sense etiquetes, Sigues el primer a etiquetar aquest registre!
|
| Thư viện lưu trữ: | Trung tâm Học liệu Trường Đại học Cần Thơ |
|---|
| LEADER | 00483nam a2200193Ia 4500 | ||
|---|---|---|---|
| 001 | CTU_96645 | ||
| 008 | 210402s9999 xx 000 0 und d | ||
| 082 | |a 336.2 | ||
| 082 | |b B945 | ||
| 100 | |a Bureau, Tax | ||
| 245 | 3 | |a An Outline of Japanese taxes 1977 | |
| 245 | 0 | |c Tax Bureau | |
| 260 | |a Tokyo | ||
| 260 | |b Ministry of Finance | ||
| 260 | |c 1977 | ||
| 650 | |a Taxation | ||
| 650 | |z Japan | ||
| 904 | |i Hiếu | ||
| 980 | |a Trung tâm Học liệu Trường Đại học Cần Thơ | ||